Sports Quiz

Random Sports or NFL Quiz

2009 Rushing Touchdowns Quiz Stats

 Plays Quiz not verified by Sporcle

Score 0/52 Timer 06:00
0 Plays Today
Touchdowns Rusher % Correct
14Thomas Jones
99.5%
3Felix Jones
99.5%
18Adrian Peterson
98.9%
14Chris Johnson
98.9%
12LaDainian Tomlinson
98.4%
11Ricky Williams
98.4%
7DeAngelo Williams
98.4%
4Cadilac Williams
98.4%
15Maurice Jones-Drew
97.9%
10Frank Gore
97.9%
7Ray Rice
97.9%
10Joseph Addai
97.4%
8Ronnie Brown
97.4%
3Chris Brown
97.4%
3Donald Brown
97.4%
11Ryan Grant
96.3%
10Michael Turner
95.8%
7Rashard Mendenhall
95.2%
5Reggie Bush
95.2%
3Michael Bush
95.2%
12Willis McGahee
94.7%
6Cedric Benson
94.7%
10Jonathan Stewart
93.7%
7Marion Barber
93.7%
4Steven Jackson
93.7%
8Tim Hightower
92.1%
Touchdowns Rusher % Correct
7Chris (Beanie) Wells
91.5%
7Jamaal Charles
91%
7Ahmad Bradshaw
91%
5Brandon Jacobs
91%
6Pierre Thomas
88.9%
7Knowshon Moreno
86.2%
4Matt Forte
85.7%
3Steve Slaton
84.1%
4LeSean McCoy
83.1%
9Laurence Maroney
81%
4Kevin Smith
79.4%
3Darren Sproles
74.6%
5Jerome Harrison
74.1%
3Arian Foster
74.1%
4Fred Taylor
70.4%
3Tashard Choice
62.4%
4Justin Forsett
61.4%
5Aaron Rodgers
58.2%
3Justin Fargas
56.6%
4Jason Snelling
55.6%
3David Garrard
51.9%
3Mark Sanchez
50.8%
3Carson Palmer
48.7%
5Mike Bell
46%
4Ryan Moats
14.8%
3Quinton Ganther
4.2%

You're not logged in!

Compare scores with friends on all Sporcle quizzes.
OR
Log In

Show Comments

Extras

Top Quizzes Today


Score Distribution

Your Account Isn't Verified!

In order to create a playlist on Sporcle, you need to verify the email address you used during registration. Go to your Sporcle Settings to finish the process.

Report this User

Report this user for behavior that violates our Community Guidelines.

Details: